000 00226 a2200097 4500
001 36587
100 _aAhmad Shusha Pasha
245 _aDarya ke Payas
260 _aPakistan
_bSang-e-Meel Publication
_c
090 _c23643
_d23643
942 _aNUST-CAE
_cM
_c15162
999 _c271660
_d271660